[Event "Budapest FS10 GM"]
[Site "Budapest"]
[Date "1999.10.10"]
[Round "9"]
[White "Soffer, Ram"]
[Black "Blatny, Pavel"]
[Result "1-0"]
[WhiteElo "2508"]
[BlackElo "2476"]

1.c4 e5 2.Nc3 Nc6 3.g3 g6 4.Bg2 Bg7 5.d3 f5 6.e4 Nge7 7.Nge2 O-O 8.O-O Nd4
9.Nxd4 exd4 10.Ne2 fxe4 11.dxe4 c5 12.Nf4 Nc6 13.Nd3 d6 14.f4 Be6 15.b3 Qd7
16.Ba3 b6 17.e5 Rae8 18.exd6 Qxd6 19.Qf3 Ne7 20.b4 Nf5 21.bxc5 Qe7 22.Qb7 Bf6
23.Qxe7 Bxe7 24.Bd5 Bf7 25.Ne5 Ne3 26.Nxf7 Rxf7 27.Rfe1 bxc5 28.Rxe3 dxe3
29.Re1 Bf8 30.Bc1 Kg7 31.Bb2+ Kg8 32.Kg2 Bg7 33.Bxf7+ Kxf7 34.Bxg7 Kxg7 35.Kf3 Rd8
36.Rxe3 Kf6 37.Ra3 Rd7 38.Ra6+ Kf7 39.Ke4 h5 40.Ke5 Kg7 41.Ke6 Rd4 42.Rxa7+ Kh6
43.Kf7 h4 44.Ra6 Rd7+ 45.Kf6 Kh5 46.Rc6 h3 47.Rxc5+ Kg4 48.Rd5 Rb7 49.Rd2 Rb6+
50.Ke5 Rb1 51.c5 Rg1 52.c6  1-0

[Event "Budapest FS10 GM"]
[Site "Budapest"]
[Date "1999.10.11"]
[Round "10"]
[White "Blatny, Pavel"]
[Black "Fogarasi, Tibor"]
[Result "1-0"]
[WhiteElo "2476"]
[BlackElo "2420"]

1.Nf3 Nf6 2.b3 g6 3.Bb2 Bg7 4.g3 d5 5.c4 c6 6.Bg2 O-O 7.O-O Re8 8.d3 Nbd7
9.Qc2 e5 10.e4 d4 11.Nbd2 c5 12.h3 Nb8 13.Kh2 Nc6 14.Rae1 Bd7 15.Ng1 Qc7
16.Bc1 Rf8 17.Ne2 Nh5 18.Bf3 f5 19.exf5 Nb4 20.Qb1 Bxf5 21.Be4 Nf6 22.a3 Bxe4
23.Nxe4 Nxe4 24.dxe4 Nc6 25.Bd2 Rad8 26.Qd3 a5 27.Kg2 Rf7 28.Rd1 Qe7 29.Nc1 Qf8
30.Bg5 Bf6 31.Bd2 Bg7 32.g4 Rfd7 33.Qb1 b6 34.Nd3 Rf7 35.f3 Re8 36.Rf2 Bh6
37.g5 Bg7 38.Qc1 Qd6 39.h4 Nd8 40.Rh1 Ne6 41.a4 Bf8 42.h5 Ng7 43.hxg6 hxg6
44.Qg1 Nh5 45.Kf1 Qe6 46.Ke2 Bd6 47.Rfh2 Ref8 48.Rh3 Rh7 49.Kd1 Kf7 50.Qg4 Ke7
51.Nf2 Rhf7 52.Qxe6+ Kxe6 53.Ke2 Be7 54.Nd3 Rh7 55.Kf2 Rhf7 56.Kg2 Bd8 57.Nf2 Be7
58.Nd3 Bd8 59.R1h2 Be7 60.Rxh5 gxh5 61.Rxh5 Bd6 62.Rh6+ Kd7 63.f4  1-0

[Event "Budapest FS10 GM"]
[Site "Budapest"]
[Date "1999.10.12"]
[Round "11"]
[White "Vaulin, Alexander"]
[Black "Blatny, Pavel"]
[Result "1-0"]
[WhiteElo "2492"]
[BlackElo "2476"]

1.c4 e6 2.g3 d5 3.Bg2 dxc4 4.Qa4+ Nd7 5.Qxc4 a6 6.a4 Nb6 7.Qc2 Nd5 8.Nf3 Nb4
9.Qb3 Qd5 10.Qd1 Bd7 11.Nc3 Qh5 12.O-O c5 13.h3 f6 14.Qb3 e5 15.Nd5 Nxd5
16.Qxb7 Rd8 17.Qxd5 Bxh3 18.Qc6+ Kf7 19.Qxa6 Be6 20.d3 Bd6 21.Be3 Nh6 22.Bxh6 Qxh6
23.a5 Rd7 24.Qc6 Bb8 25.Ra3 Ba7 26.Rb3 Rhd8 27.Rb7 Rxb7 28.Qxb7+ Rd7 29.Qe4 Ke7
30.Ra1 Bd5 31.Qa4 Bb7 32.Nh4  1-0

[Event "CZE-chT 9899"]
[Site "CZE"]
[Date "1999.??.??"]
[Round "6"]
[White "Blatny, Pavel"]
[Black "Varejcko, Josef"]
[Result "1-0"]
[WhiteElo "2560"]
[BlackElo "2320"]

1.Nf3 c5 2.e4 e6 3.b3 Nc6 4.Bb2 Nf6 5.e5 Nd5 6.g3 f5 7.h4 g6 8.Na3 a6 9.c4 Nde7
10.h5 Bg7 11.Bc3 Nd4 12.Nc2 Qc7 13.Nfxd4 cxd4 14.Nxd4 Bxe5 15.hxg6 Nxg6 16.f4 Bxd4
17.Bxd4 e5 18.fxe5 Qc6 19.Qh5 Qe4+ 20.Be3 Qxe5 21.O-O-O Qa1+ 22.Kc2 Qxa2+
23.Kc3 Qa5+ 24.Kb2 Qe5+ 25.Kc2 d5 26.Bg2 dxc4 27.Rde1 cxb3+ 28.Kb1 Be6 29.Bb6 Qd6
30.Qxf5 Kd7 31.Rxe6 Qxe6 32.Qd3+ Ke8 33.Bh3 Ne5 34.Qe4 Qg6 35.Bf5 Qxb6 36.Qxe5+ Kf7
37.Rf1 Qf6 38.Be6+  1-0

[Event "CZE-chT 9899"]
[Site "CZE"]
[Date "1999.??.??"]
[Round "7"]
[White "Stocek, Jiri"]
[Black "Blatny, Pavel"]
[Result "1/2-1/2"]
[WhiteElo "2450"]
[BlackElo "2560"]

1.e4 c6 2.d4 d5 3.e5 Bf5 4.Nf3 e6 5.Be2 h6 6.O-O Nd7 7.Be3 Bg4 8.c4 dxc4
9.Bxc4 Nb6 10.Bb3 Ne7 11.h3 Bf5 12.Nc3 Ned5 13.Rc1 Nxc3 14.Rxc3 Be7 15.a3 Qd7
16.Qd2 Be4 17.Qe2 Nd5 18.Rcc1 Bxf3 19.Qxf3 Bd8 20.Qg4 g6 21.h4 h5 22.Qe4 Ne7
23.Rfd1 Kf8 24.g3 Kg7 25.Rc3 Nd5 26.Bxd5 Qxd5 27.Qxd5 exd5 28.b4 a6 29.a4 Bb6
30.Kg2 Rhe8 31.Bg5 f5 32.exf6+ Kf7 33.Re3 Rxe3 34.fxe3 Re8 35.Kf3 Bd8 36.Rf1 Bc7
37.Rc1 Bd6 38.Rb1 Ra8 39.Bf4 Bxf4 40.gxf4 Kxf6 41.a5 Rf8 42.Rg1  1/2-1/2

[Event "1st Fraenkische GM"]
[Site "Pulvermuele GER"]
[Date "2000.01.12"]
[Round "1"]
[White "Blatny,P"]
[Black "Bischoff,K"]
[Result "1/2-1/2"]
[WhiteElo "2476"]
[BlackElo "2509"]

1.e4 c5 2.Nf3 e6 3.b3 d6 4.Bb2 Nf6 5.Bb5+ Bd7 6.Bxd7+ Nbxd7 7.Qe2 Be7 8.O-O O-O
9.d4 cxd4 10.Nxd4 Qa5 11.c4 Qh5 12.Qxh5 Nxh5 13.Nc3 Nhf6 14.Rad1 a6 15.Rfe1 Rfd8
16.Nc2 Kf8 17.Re2 Rdc8 18.Nd4 g5 19.f3 Rab8 20.g3 Rc5 21.Kg2 b6 22.Nc2 Rc7
23.Nd4 Ne5 24.Red2 Ng6 25.Nc2 Nd7 26.Ne2 Rbc8 27.Ne3 h5 28.Bd4 Rb7 29.Rf1 Ke8
30.f4 Nc5 31.Nc3 Nd7 32.Ne2 Nc5 33.Bxc5 Rxc5 34.f5 Ne5 35.h3 Rb8 36.g4 h4
37.Nd4 Kd7 38.Nf3 Nxf3 39.Kxf3 Bf6 40.Rfd1 Be5 41.Nc2 Bf4 42.Re2 Ra5 43.Nb4 Bg3
44.a4 Rc8 45.Nd3 Ke7 46.Kg2 b5 47.axb5 axb5 48.b4 Ra3 49.cxb5 Rb8 50.Rc2 Rxb5
51.Rc7+ Kf6 52.fxe6 Kxe6 53.Rd2 Rb8 54.e5 Bxe5 55.Nxe5 dxe5 56.Rc6+ Ke7 57.Rc7+ Ke6
58.Rc6+ Ke7 59.Rc7+  1/2-1/2

[Event "1st Fraenkische GM"]
[Site "Pulvermuele GER"]
[Date "2000.01.18"]
[Round "6"]
[White "Blatny,P"]
[Black "Stefanova,A"]
[Result "0-1"]
[WhiteElo "2512"]
[BlackElo "2495"]

1.e4 e5 2.Nf3 Nf6 3.Nxe5 d6 4.Nf3 Nxe4 5.d4 d5 6.Bd3 Nc6 7.O-O Be7 8.Re1 Bg4
9.c3 f5 10.Nbd2 O-O 11.Qb3 Na5 12.Qa4 Nc6 13.Bb5 Nxd2 14.Nxd2 Rf6 15.Bd3 Bd6
16.Nf1 Rg6 17.Ng3 Ne7 18.Qc2 f4 19.Bxg6 Nxg6 20.f3 Bxf3 21.Nf5 Qg5 22.Nxd6 cxd6
23.Kh1 Be4 24.Rxe4 dxe4 25.Qxe4 d5 26.Qe6+ Kh8 27.Bd2 Rf8 28.Rf1 h6 29.a4 Qh5
30.Kg1 Rf6 31.Qc8+ Kh7 32.h3 Qe2 33.Rf2 Qd1+ 34.Kh2 f3 35.g3 Rf7 36.Qg4 Re7
37.Bxh6 gxh6 38.Qxf3 Qxf3 39.Rxf3 Re2+ 40.Kg1 Kg7 41.Rf5 Ne7 42.Rf2 Re3 43.Kg2 Kg6
44.g4 Kg7 45.a5 Ng6 46.Kh2 a6 47.Kg2 Nh4+ 48.Kh2 Nf3+ 49.Kg2 Ng5 50.h4 Ne4
51.Rf5 Re2+ 52.Kh3 Rxb2 53.Rxd5 Rb3 54.g5 hxg5 55.hxg5 Nxc3 56.Rd7+ Kg6 57.Kg4 Ne4
58.Kf4 Nxg5 59.Rd6+ Kh5 60.Rd5 Rf3+ 61.Ke5 Kg4 62.Kd6 Rc3 63.Ke7 Kf4 64.Rd7 Rb3
65.Kd8 Rb5 66.Kc8 Ne4 67.Kb8 Ke3 68.Ka7 Rxa5 69.Kxb7 Ra1 70.Kb6 a5 71.Kb5 Kd3
72.d5 a4 73.d6 Rb1+ 74.Kc6 Rc1+ 75.Kb5 a3 76.Ra7 Nxd6+ 77.Kb4 Rb1+ 78.Kc5 Ne4+
79.Kc6 Rb3  0-1

[Event "Goodricke Open"]
[Site "Calcutta IND"]
[Date "2000.02.12"]
[Round "7"]
[White "Gokhale,J"]
[Black "Blatny,P"]
[Result "0-1"]
[WhiteElo "2305"]
[BlackElo "2512"]

1.g3 e5 2.Bg2 Nc6 3.c4 d6 4.Nc3 Be6 5.d3 Qd7 6.Rb1 g6 7.b4 Bg7 8.b5 Nd8 9.a4 Ne7
10.Nd5 O-O 11.Ba3 Nc8 12.a5 c6 13.bxc6 bxc6 14.Nb4 Rb8 15.Rc1 Ne7 16.Na6 Rc8
17.Nb4 Qc7 18.Qa4 c5 19.Na6 Qd7 20.Qb5 Nec6 21.Nf3 h6 22.Nd2 Qe7 23.Ne4 Nd4
24.Qb1 f5 25.Nc3 e4 26.e3 exd3 27.Qxd3 N4c6 28.Nb5 Nf7 29.O-O Rfd8 30.f4 Qb7
31.Bd5 Bxd5 32.cxd5 Nxa5 33.Nbc7 Rxc7 34.Rb1 Qc8 35.Qb5 Bc3 36.Nxc7 Qxc7
37.Rfc1 Bd2 38.Rc2 Bxe3+ 39.Kg2 Bd4 40.Re2 Kh7 41.Bc1 c4 42.Be3 Bf6 43.Ra2 Qe7
44.Bf2 Qe4+ 45.Kg1 Nb3 46.Re1 Qd3 47.Rxa7 Rf8 48.Re3 Nd4 49.Qd7 Qd1+ 50.Kg2 Nc2
51.Re6 Qxd5+ 52.Kh3 Qh1 53.Rxf6 Qf1+ 54.Kh4 g5+  0-1

[Event "Goodricke Open"]
[Site "Calcutta IND"]
[Date "2000.02.14"]
[Round "9"]
[White "Ravi,T"]
[Black "Blatny,P"]
[Result "1/2-1/2"]
[WhiteElo "2373"]
[BlackElo "2512"]

1.e4 b6 2.d4 Bb7 3.Bd3 Nf6 4.Qe2 e6 5.Nf3 d5 6.e5 Nfd7 7.Ng5 Be7 8.h4 c5
9.c3 cxd4 10.cxd4 Nc6 11.Be3 Nb4 12.Bb5 a6 13.Ba4 Bc6 14.Bxc6 Nxc6 15.Nc3 h6
16.Nf3 b5 17.Rc1 Rc8 18.g3 Qa5 19.Nd2 Qb6 20.Nb3 Na5 21.Nxa5 Qxa5 22.O-O b4
23.Nb1 Rxc1 24.Rxc1 Qxa2 25.Qg4 g6 26.Bxh6 Nb6 27.Qf4 Qxb2 28.Bg7 Rh7 29.Bf6 Nc4
30.Rxc4 dxc4 31.Qe4 Bxf6 32.Qc6+ Kd8 33.Qd6+ Kc8 34.Qc6+ Kb8 35.Qb6+ Kc8
36.Qc6+ Kb8 37.Qb6+ Kc8 38.Qc6+ Kb8 39.Qb6+  1/2-1/2

[Event "Goodricke Open"]
[Site "Calcutta IND"]
[Date "2000.02.16"]
[Round "11"]
[White "Satyapragyan,S"]
[Black "Blatny,P"]
[Result "0-1"]
[WhiteElo "2333"]
[BlackElo "2512"]

1.e4 g6 2.d4 c6 3.Nc3 d5 4.h3 Bg7 5.Nf3 Nf6 6.e5 Nfd7 7.Bd3 Nf8 8.Ne2 b6
9.Be3 Ba6 10.Nf4 Qc8 11.O-O Bxd3 12.Qxd3 Qa6 13.Qd2 e6 14.Nd3 h6 15.a4 Nfd7
16.b3 Qb7 17.Rac1 Na6 18.c4 Nc7 19.b4 dxc4 20.Rxc4 b5 21.Rc2 bxa4 22.Rfc1 Nd5
23.Rxc6 Rb8 24.Qc2 O-O 25.Qxa4 Qb5 26.Qxb5 Rxb5 27.Ra6 Ra8 28.Rca1 Rb7 29.Nc5 Rc7
30.Nxd7 Rxd7 31.Bd2 Bf8 32.b5 Rb7 33.R6a2 Kg7 34.g3 Be7 35.Kg2 Bd8 36.Ba5 Nc7
37.Bxc7 Bxc7 38.Nd2 Bb6 39.Nb3 Rd7 40.Na5 Rxd4 41.Nc6 Rd5 42.Rb1 Rc5 43.Rab2 Rc8
44.h4 Rc7 45.Ra2 Rd7 46.Rb3 Rcd5 47.Rbb2 g5 48.hxg5 hxg5 49.Kh3 Kg6 50.Kg4 Rd1
51.Rb3 Bc5 52.Rc2 Bb6 53.Ra2 Rc1 54.Rba3 Rc4+ 55.f4 Bc5 56.Ra4 Rc3 57.fxg5 Rdd3
58.Rg2 Rb3 59.Nxa7 Rf3 60.Nc6 Rf5 61.Rf4 Rxg5+ 62.Kh4 Rh5+ 63.Kg4 Rh8 64.Nd4 Bxd4
65.Rxd4 Rh5 66.Re4 Rf5 67.Kh3 Rh5+ 68.Kg4 Rb1 69.Kf4 Rf5+ 70.Kg4  0-1

[Event "Frisco Masters"]
[Site "San Francisco USA"]
[Date "2000.04.01"]
[Round "2"]
[White "Blatny,P"]
[Black "Haessler,C"]
[Result "1-0"]
[WhiteElo "2512"]
[BlackElo "2238"]

1.Nf3 Nf6 2.b3 g6 3.Bb2 Bg7 4.g3 O-O 5.Bg2 d6 6.d4 e5 7.dxe5 Nfd7 8.O-O Nc6
9.Nbd2 dxe5 10.Nc4 Qf6 11.Qc1 Re8 12.Rd1 Nb6 13.Nfxe5 Nxe5 14.Nxe5 Qe7 15.Nd3 c5
16.Bxg7 Kxg7 17.c4 Bf5 18.Qc3+ f6 19.e4 Bg4 20.Re1 Rad8 21.Re3 Nc8 22.e5 b6
23.Rae1 fxe5 24.Nxe5 Qf6 25.h3 Bf5 26.g4 Rd4 27.gxf5 gxf5 28.Rg3+ Kh8 29.Ng6+  1-0

[Event "Foxwoods Open"]
[Site "Connecticut USA"]
[Date "2000.04.23"]
[Round "6"]
[White "Blatny,P"]
[Black "Koenig,Da"]
[Result "1-0"]
[WhiteElo "2512"]
[BlackElo "2236"]

1.Nf3 d5 2.b3 Nf6 3.Bb2 c5 4.e3 a6 5.d4 Nc6 6.Nbd2 e6 7.a3 Be7 8.Bd3 O-O
9.Ng5 cxd4 10.exd4 Ne4 11.Ngxe4 dxe4 12.Bxe4 Nxd4 13.Nc4 Bf6 14.Qd3 Nf5 15.O-O-O Bxb2+
16.Kxb2 Qf6+ 17.Qc3 Qxc3+ 18.Kxc3 Rb8 19.Nb6 e5 20.Kb4 Be6 21.Nd7 Bxd7 22.Rxd7 Nd4
23.c3 Rfd8 24.Rxd8+ Rxd8 25.Bxb7 Nxb3 26.Bxa6 Rb8+ 27.Bb5 Nd2 28.Re1 f6 29.a4  1-0

[Event "ch-CZE"]
[Site "Opava CZE"]
[Date "2000.05.24"]
[Round "3"]
[White "Blatny,P"]
[Black "Konopka,M"]
[Result "1-0"]
[WhiteElo "2512"]
[BlackElo "2442"]

1.b3 e5 2.Bb2 Nc6 3.e3 g6 4.f4 Bg7 5.Nf3 d6 6.Bb5 Bd7 7.O-O Nge7 8.fxe5 O-O
9.Bc4 Bg4 10.Nc3 Nxe5 11.Be2 Nxf3+ 12.Bxf3 Bxf3 13.Qxf3 c6 14.Nd1 f5 15.Bxg7 Kxg7
16.Nf2 Qd7 17.Rae1 Rae8 18.e4 fxe4 19.Qc3+ Kg8 20.Nxe4 Nd5 21.Qd4 Rxf1+ 22.Rxf1 Re5
23.Qxd5+ Rxd5 24.Nf6+ Kg7 25.Nxd7 Rxd2 26.Nf6 Re2 27.c4 h5 28.g4 hxg4 29.Nxg4 Rxa2
30.Rd1 Rb2 31.Rd3 g5 32.Nf2 d5 33.cxd5 cxd5 34.Nd1 Rb1 35.Kf2 b5 36.Ne3 a5
37.Nxd5 a4 38.b4 Rb3 39.Ke3 Rb2 40.h3 Kg6 41.Kd4 Kh5 42.Kc5 Rb3 43.Rc3 Rxc3+
44.Nxc3 Kh4 45.Kxb5 a3 46.Ka4 a2 47.Nxa2 Kxh3 48.Nc3  1-0

[Event "Continental Open"]
[Site "Los Angeles USA"]
[Date "2000.07.25"]
[Round "2"]
[White "Blatny,P"]
[Black "Miton,K"]
[Result "0-1"]
[WhiteElo "2535"]
[BlackElo "2443"]

1.b3 e5 2.Bb2 Nc6 3.e3 d6 4.d4 exd4 5.exd4 d5 6.Nf3 Bd6 7.Be2 Nf6 8.O-O O-O
9.c4 Bg4 10.c5 Bf4 11.h3 Bxf3 12.Bxf3 Re8 13.g3 Bh6 14.a3 Ne4 15.Re1 Qf6
16.Ra2 Qf5 17.h4 Nxg3 18.Rxe8+ Rxe8 19.fxg3 Qh3 20.Kf2 Be3+ 21.Ke2 Bf4+ 22.Kd3 Qf5+  0-1

[Event "Governors Cup"]
[Site "Sioux Falls USA"]
[Date "2000.10.01"]
[Round "5"]
[White "Karklins,A"]
[Black "Blatny,P"]
[Result "1-0"]
[WhiteElo "2304"]
[BlackElo "2535"]

1.e4 c6 2.d4 g6 3.Nc3 d5 4.Bf4 Nf6 5.e5 Nh5 6.Qd2 Nxf4 7.Qxf4 Bg7 8.O-O-O b5
9.Nf3 Qa5 10.Kb1 Be6 11.Bd3 h6 12.Nd2 Nd7 13.Nb3 Qc7 14.Qg3 a5 15.a4 O-O
16.f4 Rfb8 17.axb5 a4 18.Nc1 Qa5 19.N3a2 cxb5 20.c3 Rc8 21.Rhf1 Bf5 22.Bxf5 gxf5
23.Qh3 e6 24.g4 a3 25.b4 Qa4 26.gxf5 exf5 27.Rd3 Rc6 28.Qxf5 Nf8 29.Qh3 Ne6
30.Qg2 Rac8 31.Rg1 Rxc3 32.Rxc3 Rxc3 33.Nxc3 Qxb4+ 34.Ka2 Qxc3 35.f5 Ng5
36.h4 Qb2+ 37.Qxb2 axb2 38.hxg5 bxc1=Q 39.Rxc1 hxg5 40.Rh1 Bf8 41.Kb3 f6
42.Rc1 Be7 43.Rc8+ Kf7 44.e6+ Kg7 45.Rc7 Kf8 46.Kc2 g4 47.Kd1 b4 48.Ke2 Bd8
49.Rf7+ Ke8 50.Rg7 Bb6 51.Rxg4 b3 52.Kd3 Ba5 53.Rg8+ Ke7 54.Rb8  1-0

[Event "Tch-AUT 2000-01"]
[Site "Graz AUT"]
[Date "2001.01.20"]
[Round "7"]
[White "Atlas,V"]
[Black "Blatny,P"]
[Result "1/2-1/2"]
[WhiteElo "2472"]
[BlackElo "2541"]

1.e4 Nf6 2.e5 Nd5 3.d4 d6 4.c4 Nb6 5.exd6 cxd6 6.Nc3 g6 7.Be3 Bg7 8.Rc1 O-O
9.h3 e5 10.dxe5 dxe5 11.Qxd8 Rxd8 12.c5 N6d7 13.Bc4 Nc6 14.Nf3 e4 15.Nxe4 Nde5
16.Nxe5 Nxe5 17.Nd6 Nxc4 18.Nxc4 Bf5 19.O-O Bd3 20.Rfe1 b5 21.cxb6 axb6 22.Bxb6 Rdc8
23.b3 Rxa2 24.Red1 Be2 25.Rd8+ Rxd8 26.Bxd8 Bd4 27.Bb6 Bxb6 28.Nxb6 Rb2 29.Rc3 Bd1
30.Nc4  1/2-1/2

[Event "Czech Extra League 2000-1"]
[Site "CZE"]
[Date "2001.02.24"]
[Round "6"]
[White "Blatny,P"]
[Black "Neckar,L"]
[Result "1-0"]
[WhiteElo "2541"]
[BlackElo "2306"]

1.b3 d5 2.Bb2 e6 3.e3 Nf6 4.f4 Be7 5.Be2 O-O 6.Nf3 c5 7.O-O Nc6 8.Ne5 Nxe5
9.fxe5 Ne8 10.Bd3 g6 11.Qe2 f5 12.exf6 Bxf6 13.Nc3 Bd7 14.e4 d4 15.Nd1 e5
16.c3 Qe7 17.Ba3 b6 18.b4 Nc7 19.Rc1 Ne6 20.Bc4 Rac8 21.bxc5 bxc5 22.cxd4 exd4
23.e5 Bg7 24.Nf2 Kh8 25.Nd3 Bc6 26.Qg4  1-0

[Event "Millennium II Open"]
[Site "Virginia Beach USA"]
[Date "2001.03.04"]
[Round "4"]
[White "Reichstein,B"]
[Black "Blatny,P"]
[Result "0-1"]
[WhiteElo "2223"]
[BlackElo "2541"]

1.e4 b6 2.d4 Bb7 3.Nd2 e6 4.Ngf3 c5 5.c3 Nf6 6.Bd3 Nc6 7.O-O Qc7 8.e5 Nd5
9.Ne4 cxd4 10.cxd4 Ncb4 11.Bb1 Rc8 12.a3 Nc2 13.Bxc2 Qxc2 14.Nc3 Qxd1 15.Nxd1 Be7
16.Ne3 Nf4 17.Kh1 f6 18.Bd2 fxe5 19.dxe5 Nxg2 20.Kxg2 O-O 21.Rfc1 Bxf3+ 22.Kg1 Bc5
23.Bb4 Bxb4 24.axb4 Rxc1+ 25.Rxc1 Rf4 26.Rc4 Rxc4 27.Nxc4 Kf7 28.h3 Kg6 29.Kh2 Kf5
30.Kg3 Bd5 31.Nd6+ Kxe5 32.Nc8 Bb7 33.Nxa7 Ba6  0-1

[Event "29th World Open"]
[Site "Philadelphia USA"]
[Date "2001.07.07"]
[Round "7"]
[White "Blatny,P"]
[Black "Fang,J"]
[Result "1/2-1/2"]
[WhiteElo "2547"]
[BlackElo "2319"]

1.g3 g6 2.Bg2 Bg7 3.f4 c5 4.c4 Nf6 5.Nf3 Nc6 6.Nc3 d5 7.cxd5 Nxd5 8.Nxd5 Qxd5
9.O-O Qd7 10.Rb1 O-O 11.d3 Rb8 12.Be3 b6 13.a3 Bb7 14.b4 cxb4 15.axb4 Nd4
16.Qd2 Rfd8 17.Nxd4 Bxd4 18.b5 Bxg2 19.Kxg2 Rbc8 20.Bxd4 Qxd4 21.f5 Qd5+
22.Rf3 Rc5 23.Qg5 Rd7 24.Qf4 Rd6 25.fxg6 hxg6 26.Rf1 Rf6 27.Qb8+ Kg7 28.Qxa7 Qe6
29.Rxf6 exf6 30.Rf2 Qd5+ 31.Rf3 Rxb5 32.Qe7 Qc6 33.Kf2 Re5 34.Qb4 Qc2 35.Re3 Rf5+
36.Rf3 Re5 37.Qe1 b5 38.d4 Rf5 39.Qb4 Qe4 40.Rxf5 Qxf5+ 41.Ke1 Qd5 42.Kd2 f5
43.Qc5 Qa2+ 44.Ke3 Qb3+ 45.Kf2 b4 46.Qe5+ Kf8 47.d5 Qc3 48.Qxc3 bxc3 49.Ke3 Ke7
50.Kd3 Kd6 51.Kxc3 Kxd5 52.Kd3 Ke5 53.Ke3 g5 54.h3 f4+ 55.gxf4+ gxf4+ 56.Kf3 Kf5
57.h4 f6 58.h5 Kg5 59.Ke4 Kxh5 60.Kf5 f3  1/2-1/2

[Event "US Open"]
[Site "Framingham USA"]
[Date "2001.08.05"]
[Round "2"]
[White "Blatny,P"]
[Black "Luchan,J"]
[Result "1-0"]
[WhiteElo "2478"]
[BlackElo "2114"]

1.d4 Nf6 2.Nf3 d5 3.Bf4 e6 4.e3 c5 5.c3 Nc6 6.Nbd2 Bd6 7.Bg3 O-O 8.Bd3 Re8
9.Ne5 Qe7 10.f4 Nd7 11.Ndf3 f6 12.Bh4 Nf8 13.O-O Qc7 14.Ng4 Qe7 15.Nfe5 Bd7
16.Bxf6 gxf6 17.Nh6+ Kg7 18.Qg4+  1-0

[Event "US Open"]
[Site "Framingham USA"]
[Date "2001.08.06"]
[Round "3"]
[White "Henry,R"]
[Black "Blatny,P"]
[Result "0-1"]
[WhiteElo "2195"]
[BlackElo "2478"]

1.d4 b6 2.c4 e6 3.e4 Bb7 4.f3 d5 5.Nc3 dxe4 6.fxe4 e5 7.d5 Bc5 8.b4 Bxb4
9.Qa4+ Nc6 10.Bd2 Bxc3 11.Bxc3 Qh4+ 12.Kd2 Qxe4 13.Nf3 Nf6 14.Be2 Nxd5  0-1

[Event "US Open"]
[Site "Framingham USA"]
[Date "2001.08.08"]
[Round "5"]
[White "Kelleher,W"]
[Black "Blatny,P"]
[Result "1-0"]
[WhiteElo "2393"]
[BlackElo "2478"]

1.e4 g6 2.d4 c6 3.c3 d5 4.exd5 cxd5 5.Bd3 Bg7 6.h3 Nh6 7.Bxh6 Bxh6 8.Nf3 Nc6
9.Nbd2 f6 10.O-O Be6 11.Re1 Bf7 12.Qe2 a6 13.Nb3 Qd6 14.a3 Rb8 15.c4 O-O
16.Rad1 Rfd8 17.Nbd2 Bxd2 18.Rxd2 dxc4 19.Bxc4 Bxc4 20.Qxc4+ Qd5 21.Qc5 Rd6
22.b4 Rbd8 23.Rde2 R8d7 24.Qc1 Kg7 25.Re4 Qf7 26.Qc3 Qd5 27.Qc1 h6 28.Qc3 Kf7
29.a4 Kg7 30.Qc5 Kf8 31.Qc1 g5 32.Qb1 Qf7 33.Rc1 Qg7  1-0

[Event "US Open"]
[Site "Framingham USA"]
[Date "2001.08.10"]
[Round "7"]
[White "Danilovic,Mili"]
[Black "Blatny,P"]
[Result "1-0"]
[WhiteElo "2131"]
[BlackElo "2478"]

1.e4 e5 2.Nf3 Nc6 3.d4 exd4 4.Nxd4 Nge7 5.Nxc6 Nxc6 6.Bc4 d6 7.O-O Ne5 8.Bb3 Qh4
9.f4 Ng4 10.h3 d5 11.Qxd5 Be6 12.Ba4+ c6 13.Bxc6+ Ke7 14.Qc5+ Kd8 15.Qd4+ Kc7
16.hxg4 h5 17.g5 bxc6 18.Bd2 Kb7 19.f5 Rd8 20.Qf2 Qxf2+ 21.Kxf2 Bc4 22.Re1 Bc5+
23.Be3 Bd6 24.Nd2 Ba6 25.Nb3 h4 26.e5 Bf8 27.Rad1 Rxd1 28.Rxd1 Kc7 29.Bxa7 Bc8
30.f6 gxf6 31.exf6 h3 32.Rh1 h2 33.Bc5 Bxc5+ 34.Nxc5 Bf5 35.Kg3 Bxc2 36.Rxh2 Ra8
37.a4 Kd6 38.b4 Rg8 39.Rh4 Rxg5+ 40.Kf3 Ke5 41.Rc4 Bd1+ 42.Kf2 Rf5+ 43.Ke3 Rg5
44.Ne4 Rxg2 45.Rc5+ Ke6 46.Rxc6+ Kd5 47.Rc5+ Ke6 48.a5 Bc2 49.b5 Bxe4 50.Kxe4 Rg4+
51.Kd3  1-0

[Event "TCh-CZE 2001-2"]
[Site "CZE"]
[Date "2001.10.20"]
[Round "1"]
[White "Blatny,P"]
[Black "Trichkov,V"]
[Result "1-0"]
[WhiteElo "2433"]
[BlackElo "2331"]

1.d4 d5 2.e3 Nf6 3.f4 Bg4 4.Nf3 e6 5.Bd3 Ne4 6.O-O f5 7.c4 c6 8.Qb3 Qb6 9.c5 Qxb3
10.axb3 Bxf3 11.gxf3 Nf6 12.b4 Be7 13.Nc3 O-O 14.b5 Nbd7 15.b4 Rfc8 16.bxc6 Rxc6
17.Rf2 a6 18.b5 Rcc8 19.bxa6 bxa6 20.Bxa6 Bxc5 21.Bb2 Rc7 22.dxc5 Rca7 23.c6 Nb6
24.Nb5 Rxa6 25.Rxa6 Rxa6 26.Nc7 Ra4 27.Bd4 Nc8 28.Rb2 Ne7 29.Nxe6 Nxc6 30.Rb6 Rc4
31.Bc5 Na5 32.Ra6 Rc1+ 33.Kg2 Nc4 34.Ng5 Nxe3+ 35.Bxe3 Rc2+ 36.Kg1 Rc8 37.Bd4 Nh5
38.Be5 h6 39.Ne6 Re8 40.h4  1-0

[Event "TCh-CZE 2001-2"]
[Site "CZE"]
[Date "2001.10.21"]
[Round "2"]
[White "Gross,S"]
[Black "Blatny,P"]
[Result "0-1"]
[WhiteElo "2369"]
[BlackElo "2433"]

1.Nf3 e6 2.g3 b6 3.Bg2 Bb7 4.c4 f5 5.d4 Nf6 6.O-O Be7 7.d5 Na6 8.Nd4 Qc8
9.dxe6 Bxg2 10.exd7+ Qxd7 11.Kxg2 O-O-O 12.Qc2 Qxd4 13.Qxf5+ Kb8 14.Nc3 Qxc4
15.Qf3  0-1

[Event "TCh-CZE 2001-2"]
[Site "CZE"]
[Date "2001.11.18"]
[Round "3"]
[White "David,P"]
[Black "Blatny,P"]
[Result "1/2-1/2"]
[WhiteElo "2428"]
[BlackElo "2433"]

1.c4 e6 2.Nc3 d5 3.d4 c6 4.cxd5 exd5 5.Bf4 Bd6 6.Bg3 Ne7 7.e3 O-O 8.Bd3 Bf5
9.Nge2 Bxd3 10.Qxd3 f5 11.Be5 Bxe5 12.dxe5 Nd7 13.f4 Nc5 14.Qc2 Qb6 15.Nd4 Ne4
16.O-O c5 17.Nf3 Rfd8 18.Rfd1 Qc6 19.Qb3 a6 20.Rac1 b5 21.Nd4 Qb6 22.Nxf5 Nxf5
23.Nxd5 Qa7 24.Qc2 Nd4 25.exd4 Rxd5 26.Qxe4 Rad8 27.e6 Qe7 28.f5 Kf8 29.Qf3 c4
30.h3 Qf6 31.Re1 Qxd4+ 32.Kh1 Ke7 33.Qh5 Qf6 34.Rf1 h6 35.Rcd1 g6 36.Qe2 gxf5
37.Rde1 Rd2 38.Qf3 R2d4 39.Qxf5 Qxf5 40.Rxf5 Rd1 41.Rf7+ Ke8 42.Rxd1 Rxd1+
43.Kh2 Rd2 44.Ra7 Rxb2 45.Rxa6 b4 46.Rc6 Rc2 47.Rb6 Rb2 48.Rc6 Rc2 49.Rb6  1/2-1/2

[Event "American Open"]
[Site "Los Angeles USA"]
[Date "2001.11.23"]
[Round "3"]
[White "Kretchetov,A"]
[Black "Blatny,P"]
[Result "0-1"]
[WhiteElo "2397"]
[BlackElo "2458"]

1.d4 d5 2.c4 e6 3.Nc3 c6 4.Nf3 f5 5.Bf4 Nf6 6.e3 Ne4 7.Bd3 Be7 8.h3 Nd7 9.Qc2 O-O
10.O-O-O Qa5 11.Kb1 Bb4 12.Rc1 Nxc3+ 13.bxc3 Ba3 14.Rce1 Nb6 15.Bc7 Rf7 16.Bxb6 axb6
17.Ne5 Rc7 18.Ka1 b5 19.cxb5 cxb5 20.Rb1 Rxc3 21.Rxb5 Qc7 22.Qb1 Bd6 23.Nf3 Rca3
24.Rb3 Rxb3 25.Qxb3 Ra3 26.Qc2 Rc3 27.Qb1 Bd7 28.Nd2 Ba4 29.g4 Bc2  0-1

[Event "American Open"]
[Site "Los Angeles USA"]
[Date "2001.11.25"]
[Round "7"]
[White "Blatny,P"]
[Black "Khachian,M"]
[Result "0-1"]
[WhiteElo "2458"]
[BlackElo "2465"]

1.g3 g6 2.Bg2 Bg7 3.e4 c5 4.Nc3 Nc6 5.d3 Rb8 6.Be3 b5 7.Qd2 b4 8.Nd1 d6 9.f4 Qb6
10.h3 f5 11.exf5 gxf5 12.Nf3 Nh6 13.O-O O-O 14.Bf2 Nd4 15.Re1 Nxf3+ 16.Bxf3 Bb7
17.Qe2 Bxf3 18.Qxf3 Qb7 19.Qh5 Rbe8 20.Ne3 e6 21.Nc4 Nf7 22.Re2 Qc8 23.Kh2 d5
24.Ne3 Nd6 25.Rg1 Kh8 26.Ng2 Bxb2 27.Nh4 Rg8 28.c4 Bc3 29.g4 dxc4 30.gxf5 exf5
31.Rxg8+ Kxg8 32.dxc4 Rxe2 33.Qxe2 Ne4 34.Be3 Bf6 35.Nf3 Qe6 36.Qd3 a5 37.Kg2 a4
38.Qc2 Qc6 39.Bc1 Nd6 40.Qd3 Kf7 41.Be3 Ke6 42.Qc2 Qe4 43.Qf2 b3 44.axb3 axb3
45.Bc1 Qxc4  0-1

[Event "TCh-CZE 2001-2"]
[Site "CZE"]
[Date "2001.12.15"]
[Round "4"]
[White "Blatny,P"]
[Black "Rasik,V"]
[Result "1-0"]
[WhiteElo "2433"]
[BlackElo "2432"]

1.Nf3 d6 2.e4 Nf6 3.Nc3 c5 4.e5 dxe5 5.Nxe5 Nbd7 6.Nc4 e6 7.g3 Nb6 8.Ne3 Be7
9.Bg2 O-O 10.O-O Qc7 11.a4 Rd8 12.Re1 Nbd5 13.Nexd5 Nxd5 14.Nxd5 exd5 15.d4 Bf6
16.Bf4 Qa5 17.Bxd5 cxd4 18.Qf3 h6 19.Bc4 Qb4 20.Bd3 Be6 21.Bxh6 Qxb2 22.Bd2 Qb6
23.Qh5 a5 24.Rab1 Qc7 25.Qh7+ Kf8 26.Bf4 Qc8 27.Rb6 Ke7 28.Bg5 Bxg5 29.Rexe6+  1-0

[Event "TCh-CZE 2001-2"]
[Site "CZE"]
[Date "2002.01.13"]
[Round "7"]
[White "Blatny,P"]
[Black "Spacek,P"]
[Result "1-0"]
[WhiteElo "2433"]
[BlackElo "2393"]

1.b3 e5 2.Bb2 d6 3.e3 Nf6 4.g3 Bg4 5.f3 Bd7 6.Bg2 Nc6 7.Ne2 g6 8.f4 Bg7 9.O-O O-O
10.fxe5 dxe5 11.Nbc3 Be6 12.a3 Qd7 13.Qe1 Bh3 14.Rd1 Bxg2 15.Kxg2 Rfe8 16.h3 Rad8
17.g4 Nd4 18.Kh2 Qc6 19.Qf2 Nxe2 20.Qxe2 e4 21.Kg2 h5 22.Rf4 hxg4 23.hxg4 Re7
24.Qc4 Qxc4 25.bxc4 Red7 26.Nb1 Ne8 27.Bxg7 Kxg7 28.Rxe4 Nd6 29.Rf4 g5 30.Rd4 c5
31.Rd5 Nxc4 32.Rxg5+ Kf6 33.Rf5+ Kg6 34.Kf3 Nxd2+ 35.Nxd2 Rxd2 36.Rxd2 Rxd2
37.Rxc5 Rd7 38.Kf4 Re7 39.a4 b6 40.Rc6+ Kg7 41.c4 Rd7 42.e4 Rd3 43.Rc7 a5
44.c5 Rd4 45.cxb6 Rxa4 46.Ke5 Rb4 47.Rb7 a4 48.Kd5 a3 49.Kc5 Rxe4 50.Ra7 Re3
51.b7 Rb3 52.Kc6 Kg6 53.Ra5 f6 54.Kc7  1-0

[Event "National Open"]
[Site "Las Vegas USA"]
[Date "2002.03.09"]
[Round "3"]
[White "Zilberstein,Dm"]
[Black "Blatny,P"]
[Result "0-1"]
[WhiteElo "2324"]
[BlackElo "2433"]

1.d4 b6 2.e4 Bb7 3.Bd3 Nf6 4.Qe2 Nc6 5.c3 e5 6.Nf3 exd4 7.e5 Nd5 8.cxd4 Bb4+
9.Kf1 Qc8 10.Bd2 Bxd2 11.Qxd2 Nd8 12.Nc3 Ne6 13.Bc4 Nef4 14.g3 Ba6 15.Bxa6 Qxa6+
16.Kg1 Nxc3 17.bxc3 Nd5 18.Kg2 O-O 19.Rac1 Qc4 20.Rhe1 b5 21.Qe2 Qxe2 22.Rxe2 a5
23.Nd2 Ra6 24.Ne4 Rc6 25.Rb2 Rb8 26.c4 Nb4 27.Nc5 d6 28.Nd7 Rd8 29.d5 Rxc4
30.Rxc4 bxc4 31.e6  0-1